00321pam a2200121a 44500008004100000020002700041082001600068100002400084245003600108250001200144260003200156300001100188230405s2015 xxu||||| |||| 00| 0 eng d a9789351524076cRs.1695 a610.73bBAS aBasavanthappa, B.T. aMedical Surgical Nursing. Vol.2 a3rd Ed. aNew DelhibJaypee Pubc2015 a1480 p